• 首页
  • 本馆介绍
  • 公告通知
  • 最新文献
  • 馆藏检索
  • 电子资源
  • 读者导购
  • 参考咨询
  • 我的图书馆
  • 登录
  • 详细信息显示
  • 放入我的书架
  • 预约/预借图书
  • 作者相关作品
  • 分类相关作品
  • 丛书相关作品
  • 出版社相关作品

书目信息

  • 表格格式
  • 工作单格式
  • 卡片格式
题名:
实用地热学
    
 
作者: Череменский , 切列梅斯基 著 ;赵〓 , 陈明 译
分册:  
出版信息: 北京   地质出版社  1982
页数: 230页
开本: 21cm
丛书名:
单 册:
中图分类: P314
科图分类:
主题词: 地热学--基本知识
电子资源:
ISBN:
000 00918nam0 2200301 45
001 0182006008
005 20060810103035.34
010    @dCNY1.20
091    @a15038.816
100    @a19950515d1982 em y0chiy0121 ea
101 1  @achi@crus
102    @aCN@b110000
105    @ay z 000yy
200 10 @a实用地热学@Ashi yong di re xue@f(苏)切列梅斯基(Г.А.Череменский)著@g赵〓,陈明译
210    @a北京@c地质出版社@d1982
215    @a230页@d21cm
300    @a书名原文:Прикладная геотермия
510 1  @aПрикладная геотермия@zrus
517 1  @a地热学@Adi re xue
606    @a地热学@x基本知识
690    @aP314@v3
701 A1 @aЧеременский@bГ.А.@4著
701  1 @a切列梅斯基@Aqie lie mei si ji@4著
702  0 @a赵〓@Azhao 〓@4译
702  0 @a陈明@Achen ming@4编
801  2 @aCN@bNLC@c20060810
801  0 @aCN@bTSSF
905    @a10447@dP314@e74
    
    实用地热学/(苏)切列梅斯基(Г.А.Череменский)著/赵〓,陈明译.-北京:地质出版社,1982
    230页;21cm
    书名原文:Прикладная геотермия
    
    ISBN :CNY1.20
    
●
相关链接 在E读中查询图书 在五车中查询图书 在当当中查询图书 在豆瓣中查询图书


正题名:实用地热学     索取号:P314/74         预约/预借

序号 登录号 条形码 馆藏地/架位号 状态 备注
1 0452113   204521133   密集书库/ [索取号:P314/74] 在馆    
2 0452114   204521142   密集书库/ [索取号:P314/74] 在馆    
3 0452196   204521963   密集书库/ [索取号:P314/74] 在馆    
唐山师范学院图书馆 欢迎您!
大连网信软件有限公司© 版权所有